Państwa Europy jako sześciokąty - Statystyki

Ogólne statystyki
  • Ten quiz został rozwiązany 148 razy
  • Średni wynik to 9 z 20
Statystyki odpowiedzi
Obrazkowy Odpowiedź % Poprawnych
Polska
95%
Czechy
85%
Hiszpania
84%
Włochy
84%
Niemcy
76%
Norwegia
59%
Portugalia
55%
Austria
54%
Mołdawia
49%
Łotwa
47%
Albania
33%
Liechtenstein
26%
Czarnogóra
23%
Rumunia
23%
Bośnia i Hercegowina
21%
Litwa
18%
Białoruś
16%
Irlandia
15%
Belgia
14%
Ukraina
7%
Nie znaleziono quizów pasujących do podanych kryteriów
Rozkład punktacji
Procent ludzi z każdym wynikiem
Percentyl według liczby udzielonych odpowiedzi
Twoja historia wyników
Nie rozwiązałeś tego quizu